चापलूसी का अनुशासन (Record no. 2793)

MARC details
000 -LEADER
fixed length control field 01095 a2200241 4500
005 - DATE AND TIME OF LATEST TRANSACTION
control field 20080910130010.0
008 - FIXED-LENGTH DATA ELEMENTS--GENERAL INFORMATION
fixed length control field 080910t xxu||||| |||| 00| 0 hin d
010 ## - LIBRARY OF CONGRESS CONTROL NUMBER
LC control number HIN-79464
020 ## - INTERNATIONAL STANDARD BOOK NUMBER
International Standard Book Number 9788170564058
Terms of availability 200.00
035 ## - SYSTEM CONTROL NUMBER
System control number HN-51810
037 ## - SOURCE OF ACQUISITION
Source of stock number/acquisition D.B.Act / pub
082 ## - DEWEY DECIMAL CLASSIFICATION NUMBER
Classification number 827
100 ## - MAIN ENTRY--PERSONAL NAME
Personal name , अजय अनुरागी
245 ## - TITLE STATEMENT
Title चापलूसी का अनुशासन
Statement of responsibility, etc अजय अनुरागी
246 ## - VARYING FORM OF TITLE
Title proper/short title Chapluci ka anushasan
Remainder of title by Ajay Anuragi
260 ## - PUBLICATION, DISTRIBUTION, ETC. (IMPRINT)
Place of publication, distribution, etc जयपुर
Name of publisher, distributor, etc पंचशील प्रकाशन,
Date of publication, distribution, etc 2007
270 ## - ADDRESS
Address फिल्म कालोनी,चौड़ा रास्ता
City जयपुर
Postal code 302003(राज.)
Telephone number 0141-2315072
Fax number 5113854
Electronic mail address panchsheel_j@sify.com
300 ## - PHYSICAL DESCRIPTION
Extent 144पृ
Dimensions 22 सेमी (सजिल्द)
650 ## - SUBJECT ADDED ENTRY--TOPICAL TERM
Topical term or geographic name as entry element satire
650 ## - SUBJECT ADDED ENTRY--TOPICAL TERM
Topical term or geographic name as entry element व्यंग्य
942 ## - ADDED ENTRY ELEMENTS (KOHA)
Institution code [OBSOLETE] dpl
Koha item type Hindi Books
Call number prefix 827 / अनुरा
Source of classification or shelving scheme Dewey Decimal Classification
Classification part 827
Call number suffix अनुरा
Holdings
Withdrawn status Lost status Damaged status Not for loan Home library Current library Date acquired Cost, normal purchase price Total Checkouts Full call number Barcode Date last seen Copy number Uniform Resource Identifier Cost, replacement price Price effective from Koha item type
        D.B.Act.Division D.B.Act.Division 10/09/2008 200.00   827 अनुरा HN-51810 15/09/2008 1 2983 200.00 15/09/2008 Hindi Books

© Delhi Public Library
Hit Counter
free hit counter